| 000 | 00776nam a22002417a 4500 | ||
|---|---|---|---|
| 999 |
_c9224 _d9224 |
||
| 003 | AR-CdUCM | ||
| 008 | 190327b ||||| |||| 00| 0 spa d | ||
| 020 | _a978-9972-9043-8-7 | ||
| 040 |
_aMUNICIPALIDAD PROVINCIAL DEL CUSCO _cBIBLIOTECA MUNICIPAL DEL CUSCO |
||
| 082 |
_a869.56 / _bF43 |
||
| 100 |
_aFerreyros, Carlos Enrique _925290 |
||
| 245 | _aObra poética / | ||
| 260 |
_aLima : _bLitho & Arte, _c2016. |
||
| 300 |
_a214 páginas ; _bretrato, _c20 cm. |
||
| 505 | _aContenido: Poesías. | ||
| 650 |
_aLiteratura _983 |
||
| 650 |
_aPoesías peruana _92954 |
||
| 650 |
_aSiglo XX _98 |
||
| 700 |
_aAngulo Basombrío, Ricardo (editor) _924823 |
||
| 710 |
_aBiblioteca Abraham Valdelomar de Huacachina - Ica (auspicio) _925291 |
||
| 942 |
_2ddc _cLIBROS |
||
| 945 | _aachl | ||